|
|
|
|
| LEADER |
02080nam a2200529 a 4500 |
| 001 |
000820310 |
| 003 |
CZ BrMZK |
| 005 |
20110523150846.0 |
| 007 |
ta |
| 008 |
051124s2005 xr ab f c 000 0 ger |
| 015 |
|
|
|a cnb001632551
|
| 020 |
|
|
|a 80-86399-21-4
|q (brož.)
|
| 040 |
|
|
|a BOA001
|b cze
|
| 043 |
|
|
|a e-xr---
|b e-xr-mr
|2 czenas
|
| 072 |
|
7 |
|a 902
|x Archeologie
|2 Konspekt
|9 8
|
| 080 |
|
|
|a 902.2
|2 MRF
|
| 080 |
|
|
|a 903.2
|2 MRF
|
| 080 |
|
|
|a 903.4
|2 MRF
|
| 080 |
|
|
|a 903"636"
|2 MRF
|
| 080 |
|
|
|a 903'14
|2 MRF
|
| 080 |
|
|
|a (437.32)
|2 MRF
|
| 080 |
|
|
|a (048.8)
|2 MRF
|
| 080 |
|
|
|a (083.8)
|2 MRF
|
| 100 |
1 |
|
|a Ondráček, Jaromír,
|d 1931-2003
|7 jk01091100
|4 aut
|
| 245 |
1 |
0 |
|a Siedlungen der Glockenbecherkultur in Mähren :
|b Katalog der Funde /
|c Jaroslav Ondráček, Petr Dvořák, Andrea Matějíčková
|
| 250 |
|
|
|a Vyd. 1.
|
| 260 |
|
|
|a Brno :
|b Ústav archeologické památkové péče,
|c 2005
|
| 300 |
|
|
|a 127, 110 s. :
|b il., mapy ;
|c 30 cm +
|e 1 mapa (40 x 52 cm)
|
| 490 |
1 |
|
|a Pravěk. Supplementum ;
|v 15
|
| 500 |
|
|
|a 300 výt.
|
| 504 |
|
|
|a Obsahuje bibliografii
|
| 650 |
0 |
7 |
|a archeologické výzkumy
|7 ph118577
|z Česko
|2 czenas
|
| 650 |
0 |
7 |
|a archeologické nálezy
|7 ph137683
|z Česko
|2 czenas
|
| 650 |
0 |
7 |
|a sídliště (archeologie)
|7 ph137685
|z Česko
|y eneolit
|2 czenas
|
| 650 |
0 |
7 |
|a kultura zvoncovitých pohárů
|7 ph359610
|2 czenas
|
| 655 |
|
7 |
|a studie
|7 fd133597
|2 czenas
|
| 655 |
|
7 |
|a soupisy
|7 fd133560
|2 czenas
|
| 651 |
|
7 |
|a Morava (Česko)
|7 ge130070
|2 czenas
|
| 700 |
1 |
|
|a Dvořák, Petr,
|d 1961-
|7 mzk2006348897
|4 aut
|
| 700 |
1 |
|
|a Matějíčková, Andrea,
|d 1967-
|7 mzk2006348896
|4 aut
|
| 830 |
|
0 |
|a Pravěk.
|p Supplementum
|0 s
|
| 856 |
4 |
1 |
|u http://www.digitalniknihovna.cz/mzk/uuid/uuid:a89f0f60-b0c1-11e3-9d7d-005056827e51
|y Digitalizovaný dokument
|x NDK
|
| 910 |
2 |
|
|a BOA001
|b 3-1171.203
|
| 990 |
|
|
|a BK
|
| 991 |
|
|
|b 200607
|c NOV
|
| 996 |
6 |
|
|b 2610285155
|c 3-1171.203
|l MZK
|r Sklad / do 1 hodiny
|n 1
|p p.v.
|w 000820310
|u 000010
|a 1
|e BOA001
|j MZK50
|s P
|
| 996 |
7 |
|
|b 2610285156
|c 3-1171.203
|l MZK
|r Sklad / do 1 hodiny
|n 4
|p p.v.
|w 000820310
|u 000020
|a 1
|e BOA001
|j MZK50
|s A
|